000 00450nam a2200181Ia 4500
001 16508
005 20260306170314.0
008 260306t2013||||xx |||||||||||||| ||und||
041 _aESP
082 _a348.6
_bP72
100 _aPoder Judicial del Perú
_eAUT
245 0 _aI Pleno jurisdiccional supremo en materia laboral
260 _c2013
300 _a81 páginas :
_c24 cm.
650 _aGEN
654 _aCDE
942 _cLIB
_dJUS
_fJUS
_2ddc
_n
999 _c16508
_d16508